=LDR 00000nam 2200000 4500 =001 INLIS000000000024140 =005 20221011080014 =035 ##$$a 0010-061300000024140 =008 221011################g##########0#ind## =041 ##$$a Ind =082 ##$$a 412 =090 ##$$a 412, Cha p =100 ##$$a Chaer, Abdul =245 1#$$a Pengantar semantik bahasa indonesia /$c Abdul Chaer =260 ##$$a Jakarta :$b Rineka Cipta,$c 2002 =300 ##$$a 182 hlm. ; $c 20 x 14 cm. =650 #4$$a Semantik =850 ##$$a NBPNMAT =020 ##$$a 979-518-150-5 =084 ##$$a 412 CHA p =250 ##$$a cet. 3 =504 ##$$a Bibliografi hlm. 179-182 =990 ##$$a 39.226/Pb.91 =990 ##$$a 00089366 =990 ##$$a 0001/BPAP-NTB/2015 =990 ##$$a 0001/BPAP-NTB/2016 =990 ##$$a 0001/BPAP-NTB/2016